|
|
|
|
| LEADER |
00000caa a2200000 c 4500 |
| 001 |
1637029527 |
| 003 |
DE-627 |
| 005 |
20220608114129.0 |
| 007 |
tu |
| 008 |
140327s2014 xx ||||| 00| ||ger c |
| 035 |
|
|
|a (DE-627)1637029527
|
| 035 |
|
|
|a (DE-576)403276659
|
| 035 |
|
|
|a (DE-599)BSZ403276659
|
| 040 |
|
|
|a DE-627
|b ger
|c DE-627
|e rakwb
|
| 041 |
|
|
|a ger
|
| 100 |
1 |
|
|a Kaspar, Johannes
|d 1976-
|0 (DE-588)1024795691
|0 (DE-627)720562015
|0 (DE-576)369514629
|4 aut
|
| 109 |
|
|
|a Kaspar, Johannes 1976-
|
| 245 |
1 |
0 |
|a "Verhältnismäßige Generalprävention" und Zurechnung, 1
|b Ringpublikationsprojekte "Prävention und Zurechnung" - präventionsorientierte Zurechnung?
|c Johannes Kaspar
|
| 264 |
|
1 |
|c 2014
|
| 336 |
|
|
|a Text
|b txt
|2 rdacontent
|
| 337 |
|
|
|a ohne Hilfsmittel zu benutzen
|b n
|2 rdamedia
|
| 338 |
|
|
|a Band
|b nc
|2 rdacarrier
|
| 773 |
0 |
8 |
|i In
|t Strafverteidiger
|d Köln : Heymanns, 1981
|g 34(2014), 4, Seite 250-256
|w (DE-627)129098132
|w (DE-600)8277-6
|w (DE-576)014434857
|x 0720-1605
|7 nnas
|
| 773 |
1 |
8 |
|g volume:34
|g year:2014
|g number:4
|g pages:250-256
|
| 951 |
|
|
|a AR
|
| ELC |
|
|
|b 1
|
| LOK |
|
|
|0 000 xxxxxcx a22 zn 4500
|
| LOK |
|
|
|0 001 3294983301
|
| LOK |
|
|
|0 003 DE-627
|
| LOK |
|
|
|0 004 1637029527
|
| LOK |
|
|
|0 005 20250312120021
|
| LOK |
|
|
|0 008 180220||||||||||||||||ger|||||||
|
| LOK |
|
|
|0 040
|a DE-21-110
|c DE-627
|d DE-21-110
|
| LOK |
|
|
|0 689
|a s
|a Zurechnung
|
| LOK |
|
|
|0 689
|a s
|a Prävention
|
| LOK |
|
|
|0 689
|a s
|a Strafzwecke
|
| LOK |
|
|
|0 852
|a DE-21-110
|
| LOK |
|
|
|0 852 1
|m p
|9 00
|
| LOK |
|
|
|0 935
|a krub
|
| LOK |
|
|
|0 938
|k p
|
| LOK |
|
|
|0 939
|a 20-02-18
|b l01
|
| ORI |
|
|
|a SA-MARC-krimdoka001.raw
|